| 000 | 00000nam##2200000za#4500 |
| 001 | 9.546423 |
| 003 | CaOODSP |
| 005 | 20210615091627 |
| 007 | ta |
| 008 | 150406|2008||||xxc||||| f|0| 0 fre|d |
| 022 | |a0706-6473 |
| 040 | |aCaOODSP|bfre |
| 041 | |aeng |
| 041 | |afre |
| 043 | |an-cn--- |
| 086 | 1 |aFs97-4/2853 |
| 110 | 1 |aCanada. |bMinistère des pêches et des océans. |
| 245 | 10|aCompte rendu d'atelier national. Développement d'outils pour la gestion intégrée en zone côtière / |c[par] Matthew Hardy et Roland Cormier. |
| 260 | |bPêches et Océans Canada |cc2008. |
| 300 | |aiv, 19p. : |bfigures (certaines en couleur), références ; |c28 cm. |
| 490 | 1 |aRapport manuscrit canadien des sciences halieutiques et aquatiques|x0706-6473|v№ 2853 |
| 500 | |aLe n° de catalogue (Fs97-4/2853E) imprimé dans cette publication est incorrect. « Gestion des océans et de l'habitat, Pêches et Océans Canada, 343 avenue Université, C.P. 5030, Moncton, N-B, E1C 9B6 ». |
| 563 | |aCouverture souple |
| 590 | |a08-31|b2008-08-01 |
| 720 | 1 |aHardy, Matthew |
| 720 | 1 |aCormier, Roland |
| 776 | 0#|tNational Workshop Proceedings. Development of Coastal Tools for Integrated Management / |w(CaOODSP)9.590199 |
| 791 | |tNational workshop proceedings. Development of Coastal Tools for Integrated Management / |eeng|w(CaOODSP)9.546422 |
| 830 | #0|aRapport manuscrit canadien des sciences halieutiques et aquatiques,|x0706-6473|v№ 2853|w(CaOODSP)9.509371 |